Tiếng Anh 10 nâng cao

Salvato in:
Dettagli Bibliografici
Natura: Libro
Lingua:Undetermined
Pubblicazione: Hà Nội Giáo Dục 2006
Soggetti:
Tags: Aggiungi Tag
Nessun Tag, puoi essere il primo ad aggiungerne! !
Thư viện lưu trữ: Trung tâm Học liệu Trường Đại học Cần Thơ
LEADER 00557nam a2200193Ia 4500
001 CTU_114765
008 210402s9999 xx 000 0 und d
020 |c 14200 
082 |a 428.00712 
082 |b T306/L10 
245 0 |a Tiếng Anh 10 nâng cao 
245 0 |c Tứ Anh ... [et al.] 
260 |a Hà Nội 
260 |b Giáo Dục 
260 |c 2006 
650 |a english langiage 
650 |x study and teaching 
904 |i Tuyến sửa số 428.0712 thành 428.00712 
980 |a Trung tâm Học liệu Trường Đại học Cần Thơ